Eusebi Güell i Bacigalupi : patrici de la Renaixença : En el centenari de la seva mort (1918-2018) patrici de la Renaixença : En el centenari de la seva mort (1918-2018)
Descripción Física:
1 targeta postal ; il. b/n ; 11 x 15 cm.
Idioma:
Catalán
MARC
| LEADER | 00000nkm a22000007a 4500 | ||
|---|---|---|---|
| 001 | 27268 | ||
| 003 | Arxiu | ||
| 005 | 20260324181150.0 | ||
| 008 | 230116b spa||||| |||| 00| 0 cat d | ||
| 040 | |a agdb |b cat | ||
| 245 | |a Eusebi Güell i Bacigalupi : |b patrici de la Renaixença : En el centenari de la seva mort (1918-2018) | ||
| 260 | |a Barcelona : |b Palau Güell : |b Diputació de Barcelona ; |c 2018 | ||
| 300 | |a 1 targeta postal ; |b il. b/n ; |c 11 x 15 cm. | ||
| 500 | |a Postal de l'exposició realitzada al palau Güell, del 10 de juliol de 2018 al 30 d'abril de 2019, en commemoració de l'Any Güell. | ||
| 600 | 0 | |9 53348 |a Güell i Bacigalupi, Eusebi, |d 1846-1918 |v Exposicions | |
| 655 | 0 | |9 52685 |a Targetes postals | |
| 710 | 2 | |9 17034 |a Palau Güell (Barcelona) | |
| 710 | 1 | |a Barcelona (Catalunya : Província). |b Diputació |9 52408 | |
| 942 | |2 udc |c ARXIU |n 1 | ||
| 952 | |0 0 |1 0 |2 udc |4 0 |6 NBM16188 |7 1 |9 65040 |a Arxiu |b Arxiu |d 2023-01-16 |l 0 |o NBM-16-188 |p 27268 |r 2023-01-16 00:00:00 |w 2023-01-16 |y ARXIU | ||
| 999 | |c 82970 |d 82970 | ||